000 00272nam a2200109Ia 4500
008 220204s9999 xx 000 0 und d
082 _a32(540)
_bSHR
100 _aShriRam Maheswari
245 0 _aIndian administration
260 _aDelhi
_bOrient Longman
_c1968
942 _cBK
999 _c33237
_d33237